Greenhouse Technology and Management / (Record no. 10444)
[ view plain ]
| 000 -LEADER | |
|---|---|
| fixed length control field | 00401cam a2200157ua 4500 |
| 020 ## - INTERNATIONAL STANDARD BOOK NUMBER | |
| ISBN | 9788178001364 |
| 082 ## - DEWEY DECIMAL CLASSIFICATION NUMBER | |
| Classification number | 631.583 |
| Item number | RAD/GR |
| 100 ## - MAIN ENTRY--AUTHOR NAME | |
| Personal name | Radha Manohar, K . |
| 100 ## - MAIN ENTRY--AUTHOR NAME | |
| Personal name | Igathinathane, C . |
| 245 ## - TITLE STATEMENT | |
| Title | Greenhouse Technology and Management / |
| 250 ## - EDITION STATEMENT | |
| Edition statement | 2 nd |
| 260 ## - PUBLICATION, DISTRIBUTION, ETC. (IMPRINT) | |
| Place of publication | Hyderabad : |
| Name of publisher | B S Publications |
| Year of publication | 2015 |
| 300 ## - PHYSICAL DESCRIPTION | |
| Number of Pages | 217 |
| 500 ## - GENERAL NOTE | |
| General note | 20452-Reference |
| 942 ## - ADDED ENTRY ELEMENTS (KOHA) | |
| Koha item type | Books |
| Withdrawn status | Lost status | Damaged status | Collection code | Home library | Current library | Shelving location | Date acquired | Full call number | Accession Number | Koha item type | Cost, normal purchase price | Source of acquisition |
|---|---|---|---|---|---|---|---|---|---|---|---|---|
| General Books | KAUAET | KAUAET | General Stacks | 07/04/2012 | 631.583 | 20452 | Books | |||||
| KAUAET | KAUAET | 07/04/2012 | 631.583 | 21523 | Books | |||||||
| KAUAET | KAUAET | 07/04/2012 | 631.583 | 20453 | Books | |||||||
| Non-fiction | KAUAET | KAUAET | General Stacks | 31/03/2012 | 631.583 RAD/GR | 22965 | Books | 550.00 | ||||
| Non-fiction | KAUAET | KAUAET | General Stacks | 31/03/2012 | 631.583 RAD/GR | 22966 | Books | 550.00 | ||||
| Non-fiction | KAUAET | KAUAET | General Stacks | 31/03/2012 | 631.583 RAD/GR | 22967 | Books | 550.00 | ||||
| Non-fiction | KAUAET | KAUAET | General Stacks | 31/03/2012 | 631.583 RAD/GR | 22968 | Books | 550.00 | ||||
| Non-fiction | KAUAET | KAUAET | General Stacks | 31/03/2012 | 631.583 RAD/GR | 22969 | Books | 550.00 | ||||
| KAUAET | KAUAET | General Stacks | 05/07/2016 | 631.583 RAD/GR | 24933 | Books | 750.00 | Universal Research Books, Thrissur |
